[Event "CHI-chT"]
[Site "Santiago de Chile"]
[Date "2012.12.04"]
[Round "4"]
[White "Chavez Dinamarca, Bastian"]
[Black "Reveco Lizama, Manuel A"]
[Result "1-0"]
[WhiteElo "2061"]
[BlackElo "1971"]
[PlyCount "103"]
[EventDate "2012.11.22"]
[EventType "team-tourn"]
[EventRounds "9"]
[EventCountry "CHI"]
[SourceTitle "EXT 2014"]
[Source "ChessBase"]
[SourceDate "2013.11.20"]
[SourceVersion "1"]
[SourceVersionDate "2013.11.20"]
[SourceQuality "1"]

1. d4 Nf6 2. c4 c5 3. d5 b5 4. Qc2 d6 5. e4 g6 6. Nf3 Bg7 7. cxb5 a6 8. Nc3 0-0 9. bxa6 Nxa6 10. Bc4 Nd7 11. 0-0 Nb6 12. Be2 Nb4 13. Qd1 Ba6 14. Bxa6 Rxa6 15. Bg5 h6 16. Bf4 c4 17. Qd2 Kh7 18. Be3 Nd3 19. Bd4 Qa8 20. Bxg7 Kxg7 21. b3 Ne5 22. Nxe5 dxe5 23. b4 Na4 24. Nxa4 Rxa4 25. Qc3 Qb8 26. a3 Rc8 27. Rfc1 f6 28. Qe3 Qa8 29. h4 h5 30. Kf1 Qa6 31. Ke1 Ra8 32. Qc5 Kf7 33. Qxc4 Qxc4 34. Rxc4 Rxa3 35. Rb1 R3a4 36. Kd2 Ke8 37. Kd3 Kd7 38. b5 Rxc4 39. Kxc4 Kc7 40. Rb2 Ra4+ 41. Kc5 Rxe4 42. Ra2 Kb7 43. b6 Re1 44. Ra7+ Kb8 45. Rxe7 Rc1+ 46. Kb5 Rb1+ 47. Kc6 Rc1+ 48. Kd7 Kb7 49. Ke8+ Kxb6 50. d6 Rc8+ 51. Kf7 Kc6 52. Rc7+ 1-0

[Event "CHI-chT"]
[Site "Chile"]
[Date "2010.12.07"]
[Round "8"]
[White "Reveco Lizama, Manuel A"]
[Black "Pollio, Carlos Eduardo"]
[Result "1-0"]
[WhiteElo "1961"]
[BlackElo "1972"]
[PlyCount "89"]
[EventDate "2010.10.19"]
[EventType "team"]
[EventRounds "9"]
[EventCountry "CHI"]
[SourceTitle "EXT 2012"]
[Source "ChessBase"]
[SourceDate "2011.11.24"]
[SourceVersion "1"]
[SourceVersionDate "2011.11.24"]
[SourceQuality "1"]

1. e4 e6 2. d4 d5 3. Nd2 c5 4. c3 cxd4 5. cxd4 dxe4 6. Nxe4 Nf6 7. Nc3 Bd7 8. Nf3 Bc6 9. Bc4 Nbd7 10. 0-0 Nb6 11. Bb3 Bd6 12. Re1 0-0 13. Bg5 Qc7 14. Rc1 Bf4 15. Bxf4 Qxf4 16. Ne5 Rad8 17. Nxc6 bxc6 18. Ne2 Qh4 19. Qd3 e5 20. Red1 exd4 21. Nxd4 c5 22. Rxc5 Ne4 23. Rf5 g6 24. Rf3 Nc5 25. Qc3 Nxb3 26. axb3 Nd5 27. Qc5 Qe4 28. Qc2 Qh4 29. Nc6 Nb4 30. Nxb4 Qxb4 31. Rfd3 Rb8 32. g3 Qe4 33. Qd2 Rfc8 34. Qa5 Qe2 35. R3d2 Qe6 36. Qxa7 Rxb3 37. Rd8+ Rxd8 38. Rxd8+ Kg7 39. Qd4+ Kh6 40. Rh8 Rb5 41. Rg8 Re5 42. Qh4+ Rh5 43. Qf4+ g5 44. Qd4 f6 45. Rd8 1-0

[Event "CHI-chT"]
[Site "Chile"]
[Date "2010.10.26"]
[Round "2"]
[White "Larrain Cortes, Cristian"]
[Black "Reveco Lizama, Manuel A"]
[Result "1-0"]
[WhiteElo "2163"]
[BlackElo "1961"]
[PlyCount "141"]
[EventDate "2010.10.19"]
[EventType "team"]
[EventRounds "9"]
[EventCountry "CHI"]
[SourceTitle "EXT 2012"]
[Source "ChessBase"]
[SourceDate "2011.11.24"]
[SourceVersion "1"]
[SourceVersionDate "2011.11.24"]
[SourceQuality "1"]

1. e4 c5 2. Nf3 d6 3. g3 g6 4. Bg2 Bg7 5. 0-0 e6 6. d4 cxd4 7. Nxd4 Nc6 8. Nb5 Bf8 9. Bf4 e5 10. Be3 a6 11. N5c3 Be6 12. a4 Bg7 13. Nd5 Bxd5 14. Qxd5 Nge7 15. Qd3 Qc7 16. c3 0-0 17. Na3 Rad8 18. Nc4 Nc8 19. a5 N6e7 20. Nb6 Kh8 21. Ra4 Qc6 22. Qc2 Nxb6 23. Bxb6 Rd7 24. Rd1 Nc8 25. Be3 Ne7 26. Qb3 Qc8 27. Bb6 Qe8 28. Qa3 Nc8 29. Rb4 Qe6 30. Qb3 Kg8 31. Be3 Qxb3 32. Rxb3 Ne7 33. Bf1 Nc6 34. Bb6 Bh6 35. Ra3 Bg5 36. b4 Bd8 37. Bc5 Be7 38. Ra2 Rb8 39. Be3 Kg7 40. Rad2 Nd8 41. c4 Nc6 42. Rb1 Bf6 43. Bh3 Rdd8 44. Bb6 Nd4 45. Rd3 Rg8 46. Bc7 Rbc8 47. Bxc8 Rxc8 48. Bxd6 Rxc4 49. Bc5 Ne2+ 50. Kf1 Nd4 51. Bxd4 exd4 52. b5 Bd8 53. bxa6 bxa6 54. Rbd1 Bxa5 55. Rxd4 Rc2 56. Rd6 Bb4 57. Rxa6 Bc5 58. Kg2 Rxf2+ 59. Kh3 Re2 60. Rc6 Ba7 61. Rc7 Bb6 62. Rb7 Bc5 63. Rdd7 Rxe4 64. Rxf7+ Kg8 65. Rg7+ Kf8 66. Rxh7 Kg8 67. Rhg7+ Kf8 68. Rgc7 Bd6 69. Rc8+ Re8 70. Rxe8+ Kxe8 71. Rg7 1-0

[Event "Santiago Endesa 13"]
[Site "Santiago de Chile"]
[Date "2009.07.01"]
[Round "1"]
[White "Reveco Lizama, Manuel A"]
[Black "Gonzalez Reyes, Gabriel"]
[Result "1/2-1/2"]
[WhiteElo "1987"]
[BlackElo "1921"]
[PlyCount "77"]
[EventDate "2009.07.01"]
[EventType "tourn"]
[EventRounds "11"]
[EventCountry "CHI"]
[SourceTitle "EXT 2012"]
[Source "ChessBase"]
[SourceDate "2011.11.24"]
[SourceVersion "1"]
[SourceVersionDate "2011.11.24"]
[SourceQuality "1"]

1. e4 e5 2. Nf3 d6 3. d4 Nf6 4. Bg5 Nbd7 5. Bc4 Be7 6. 0-0 0-0 7. Nc3 c6 8. a3 Qc7 9. Qd2 b5 10. Ba2 Bb7 11. Rad1 Rad8 12. Qe2 a6 13. dxe5 dxe5 14. Nh4 Nb6 15. Nf5 c5 16. Nxe7+ Qxe7 17. Nd5 Nbxd5 18. Bxd5 Bxd5 19. Rxd5 Rxd5 20. exd5 Qd6 21. Bxf6 Qxf6 22. c4 Rd8 23. b3 Qd6 24. Qe4 f6 25. f4 exf4 26. Qxf4 Qxf4 27. Rxf4 Re8 28. Kf2 Kf7 29. Rf3 bxc4 30. bxc4 Re4 31. Rc3 f5 32. Kf3 Kf6 33. g3 g5 34. h3 h5 35. Kf2 a5 36. Kf3 a4 37. Kf2 g4 38. hxg4 hxg4 39. Rc2 1/2-1/2

[Event "Santiago Endesa Classification"]
[Site "Santiago de Chile"]
[Date "2008.10.03"]
[Round "7"]
[White "Reveco Lizama, Manuel A"]
[Black "Stawizsinski, Walter"]
[Result "1-0"]
[WhiteElo "1958"]
[BlackElo "2133"]
[PlyCount "85"]
[EventDate "2008.09.24"]
[EventType "swiss"]
[EventRounds "9"]
[EventCountry "CHI"]
[SourceTitle "EXT 2012"]
[Source "ChessBase"]
[SourceDate "2011.11.24"]
[SourceVersion "1"]
[SourceVersionDate "2011.11.24"]
[SourceQuality "1"]

1. e4 c5 2. Nf3 Nc6 3. d4 cxd4 4. Nxd4 g6 5. Nc3 Bg7 6. Be3 d6 7. Qd2 Bd7 8. Be2 h5 9. f4 Nh6 10. h3 a6 11. Nd5 0-0 12. 0-0 f5 13. Nxc6 Bxc6 14. Bc4 e6 15. Nb6 Qe7 16. Nxa8 Rxa8 17. Rad1 Rd8 18. e5 d5 19. Bb3 Nf7 20. Qf2 Bb5 21. Rfe1 Rc8 22. c3 g5 23. fxg5 Nxg5 24. a4 Ne4 25. Qf3 Be8 26. Qf4 Qc7 27. Bd4 Kh7 28. Bc2 Bc6 29. Rd3 b5 30. Qh4 Be8 31. axb5 axb5 32. Ra1 Bxe5 33. Bxe5 Qxe5 34. Qe7+ Kg6 35. Ra7 Qf6 36. Qh7+ Kg5 37. Rf3 h4 38. Qg8+ Bg6 39. Qxc8 Qe5 40. Bxe4 dxe4 41. Qd8+ Kh5 42. Rf1 Qc5+ 43. Qd4 1-0

[Event "Santiago Endesa Classification"]
[Site "Santiago de Chile"]
[Date "2008.09.24"]
[Round "1"]
[White "Vargas Maliqueo, Ivan Patricio"]
[Black "Reveco Lizama, Manuel A"]
[Result "1-0"]
[WhiteElo "2223"]
[BlackElo "1958"]
[PlyCount "49"]
[EventDate "2008.09.24"]
[EventType "swiss"]
[EventRounds "9"]
[EventCountry "CHI"]
[SourceTitle "EXT 2012"]
[Source "ChessBase"]
[SourceDate "2011.11.24"]
[SourceVersion "1"]
[SourceVersionDate "2011.11.24"]
[SourceQuality "1"]

1. Nf3 Nf6 2. d4 g6 3. c4 c5 4. Nc3 cxd4 5. Nxd4 Bg7 6. e4 d6 7. Be2 a6 8. 0-0 Nc6 9. Nc2 0-0 10. Be3 Be6 11. f3 Rc8 12. Qd2 Re8 13. Rfd1 Ne5 14. b3 Nfd7 15. Nd4 Qa5 16. Rac1 Nc6 17. Nxe6 fxe6 18. f4 Bxc3 19. Rxc3 Nf6 20. Bf3 Red8 21. Qb2 d5 22. cxd5 exd5 23. Rc5 Qb6 24. exd5 Na5 25. Qf2 1-0

[Event "Santiago Endesa 13"]
[Site "Santiago de Chile"]
[Date "2008.09.01"]
[Round "5"]
[White "Pinto Pinares, Marcelo"]
[Black "Reveco Lizama, Manuel A"]
[Result "1/2-1/2"]
[WhiteElo "2202"]
[BlackElo "2001"]
[PlyCount "40"]
[EventDate "2008.08.18"]
[EventType "tourn"]
[EventRounds "9"]
[EventCountry "CHI"]
[SourceTitle "EXT 2012"]
[Source "ChessBase"]
[SourceDate "2011.11.24"]
[SourceVersion "1"]
[SourceVersionDate "2011.11.24"]
[SourceQuality "1"]

1. d4 Nf6 2. Nc3 d5 3. Bg5 e6 4. e4 Be7 5. e5 Nfd7 6. Bxe7 Qxe7 7. f4 a6 8. Nf3 c5 9. Qd2 Nc6 10. dxc5 Qxc5 11. 0-0-0 b5 12. Nd4 Nxd4 13. Qxd4 Bb7 14. Qxc5 Nxc5 15. Bd3 d4 16. Ne2 Bxg2 17. Rhg1 Bf3 18. Rd2 Nxd3+ 19. cxd3 Bxe2 20. Rxe2 Rc8+ 1/2-1/2

[Event "Santiago Endesa 10"]
[Site "Santiago de Chile"]
[Date "2007.07.??"]
[Round "4"]
[White "Caurapan Osses, Jaime"]
[Black "Reveco Lizama, Manuel A"]
[Result "0-1"]
[WhiteElo "2208"]
[BlackElo "2003"]
[PlyCount "66"]
[EventDate "2007.07.??"]
[EventType "tourn"]
[EventRounds "9"]
[EventCountry "CHI"]
[SourceTitle "EXT 2008"]
[Source "ChessBase"]
[SourceDate "2007.11.25"]
[SourceVersion "1"]
[SourceVersionDate "2007.11.25"]
[SourceQuality "1"]

1. d4 Nf6 2. Nf3 g6 3. g3 Bg7 4. Bg2 d6 5. 0-0 0-0 6. c4 Nbd7 7. Nc3 c5 8. e3 Rb8 9. b3 a6 10. a4 b6 11. Rb1 Bb7 12. d5 Ng4 13. Ne2 Ba8 14. Bb2 Ngf6 15. e4 Nxe4 16. Bxg7 Kxg7 17. Nh4 Nef6 18. f4 b5 19. f5 Ne5 20. fxg6 hxg6 21. axb5 axb5 22. cxb5 Rxb5 23. Nc3 Rb4 24. Qd2 Rh8 25. Ne2 Qb6 26. Ra1 Bb7 27. Nf4 c4+ 28. Kh1 cxb3 29. Nhxg6 Nxg6 30. Nxg6 Kxg6 31. Qd3+ Kg7 32. Rxf6 exf6 33. Rf1 Ba6 0-1